000 00661 a2200229 4500
003 0
005 20160609155041.0
008 110516t xxu||||| |||| 00| 0 eng d
040 _aBUAC
_bFre
_cBUC
041 _aFre
100 _lFre
_aDelbos, Victor
_917005
245 _aLa Philosophie pratique de Kant
_cpar Victor Delbos
250 _a3ème éd.
260 _aParis
_bPresses Universitaires de France
_c1969
300 _a608 p.
_c22 cm
440 _a(Bibliothèque de philosophie contemporaine)
_917007
600 _aKant
_cPhilosophe
_917009
630 _aPHILOSOPHIE
_917011
650 _aMorale : philosophie
_917013
942 _cLIVR
999 _c34199
_d34199